000 00816nam a22002177a 4500
005 20221215125239.0
008 221214b ||||| |||| 00| 0 eng d
020 _a9788195680719
040 _cAL
041 _aKannada
082 _223
_a954.871K
_bMOHP
100 _aN G Mohan ಎನ್ ಜಿ ಮೋಹನ್
_966151
245 _aPilikula:karavali samskrutiya kai gannadi ಪಿಲಿಕುಳ :ಕರಾವಳಿ ಸಂಸ್ಕೃತಿಯ ಕೈಗನ್ನಡಿ
260 _aMangaluru ಮಂಗಳೂರು
_bSt Aloysious Prakashana ಸಂತ ಅಲೋಶಿಯಸ್ ಪ್ರಕಾಶನ
_c2022
300 _a108 p.
_bPB
_c18x18 cm.
365 _c
_d₹400.00
650 _apilikula
_966026
650 _aPilikula Natural Sancturay
_966152
700 _aMOHAN (N G)
_966027
942 _2ddc
_cDB
999 _c225746
_d225746